| 000 | 00735cam a2200241 a 4500 | ||
|---|---|---|---|
| 001 | 1179952 | ||
| 005 | 20250131193119.0 | ||
| 008 | 970320s1998 paua b 001 0 eng c | ||
| 020 | _a9780721675145 | ||
| 050 | 0 | 0 |
_aRC76 _b.S95 1998 |
| 082 | 0 | 0 |
_a616.07/54 _221 |
| 100 | 1 | _aSwartz, Mark H. | |
| 245 | 1 | 0 |
_aTextbook of physical diagnosis : _bhistory and examination / _cMark H. Swartz. |
| 250 | _a3rd ed. | ||
| 260 |
_aPhiladelphia : _bW. B. Saunders Company, _cc1998. |
||
| 300 |
_axxi, 720 p. : _bill. (some col.) ; _c29 cm. |
||
| 650 | 0 | _aPhysical diagnosis. | |
| 650 | 0 | _aMedical history taking. | |
| 650 | 1 | 2 | _aDiagnosis. |
| 650 | 2 | 2 | _aMedical History Taking. |
| 650 | 2 | 2 | _aPhysical Examination. |
| 942 |
_2lcc _cBK _e3rd ed. _n0 |
||
| 999 |
_c3325 _d3325 |
||